Регионална библиотека "Любен Каравелов" - Русе

Международни конвенции за интелектуална собственост (Запис номер 4600)

MARC детайли
000 -Лидер
Контролно поле с фиксирана дължина 02325nam a2200397 a 4500
003 - Код на организацията, давaща контролен номер
Контролно поле BLK
005 - Дата и час на последна редакция
Контролно поле 20240124160215.0
008 - Елементи от данни с фиксирана дължина
fixed length control field 180412b bul|||||r ||||||| ||bul||
010 ## - Наследен системен номер
LC control number KNG00005750000
020 ## - Международен стандартен номер на книга ISBN
Международен стандартен номер на книга ISBN 954-8492-04-0
040 ## - Източник на каталожния запис
Идентификатор на билиотеката - собственик на записа BLK
041 ## - Код за език
Код за езика на текст/звукозапис или на отделно заглавие Български
Код за езика КДБФ Български
080 ## - УДК
Текстов определител УДК Интелектуална собственост (право)
УДК код - определител по УДК 347.77/.78
УДК определител (094.2)
УДК - код + определител 347.77/.78(094.2)
100 1# - Редна дума - Автор
Автор Караянев, Павел Такев
Авторска отговорност първи автор
R(LIN) 76995
139 ## - Редно поле
Редна дума Караянев, Павел Такев
Авторски знак Караю - К 38
245 10 - Сведения за заглавието
Заглавие Международни конвенции за интелектуална собственост
Подзаглавни данни Кн. 1 -
Редно поле (дума) Павел Такев Караянев.
Том Кн. 1
Заглавие на том Собственост върху литературни и художествени произведения и техните изпълнения
257 ## - Страна на издаване
Страна на създаване/издаване България
260 ## - Област на издателските данни
Място на издаване, разпространение и проч. София
Име на издателя, разпространителя и проч. Информа интелект
Година на издаване 1994 -
9 (RLIN) 212105
Издателство - префикс ISBN 954-8492-
300 ## - Физическа характеристика
Страници 296 с.
Илюстрации и др. с табл.
Размери/Мащаб 21 см
380 ## - Жанр
Жанр Обществени науки
490 ## - СЕРИИ (Колекции)
Име на серия Библиотека Интелектуална собственост
500 ## - Общи забележки
Забележка Офс. изд
650 #4 - Допълнително описание по предмет – тема
Основно описание – тема или топоним Авторско право - международни конвенции
9 (RLIN) 248902
650 #4 - Допълнително описание по предмет – тема
Основно описание – тема или топоним Патентно дело - международни конвенции
9 (RLIN) 248903
653 ## - Ключова дума – ненормативна
Ключова дума авторско право
653 ## - Ключова дума – ненормативна
Ключова дума конвенции
653 ## - Ключова дума – ненормативна
Ключова дума интелектуална собственост
760 1# - Описание на основната серия
Редна дума на основното описание Караянев, Павел Такев
Място на издаване, издател и година Информа-Интелект, 1994
Страници - том 296 с. : с табл.
Забележка - том Съдържа и Класове за определяне на държавите-членки на СОИС, на Парижкия съюз или на Бернския съюз, Наименовиние на компетентните държавни организации по въпросите на авторското право
Заглавие Кн. 1 Собственост върху литературни и художествени произведения и техните изпълнения
852 ## - Местоположение
Форматна сигнатура Цб 179347
Фондова буква Хранилище
856 4# - Електронен адрес и достъп
Електронен формат pdf - файл
Път до файла /url/
856 4# - Електронен адрес и достъп
Електронен формат pdf - файл
Път до файла /url/
942 ## - АРТИКУЛИ
Вид на библиотечния материал Книги
Скрит в OPAC Не
944 ## - СЪЗДАВАНЕ И РЕДАКЦИЯ на ЗАПИСА
Създаване/Редакция Създаване
Дата на регистрацията/редакция 15.01.2003
Служител, извършил регистрацията/редакцията 30534
Статус, дата на статуса Радостина Карадакова
944 ## - СЪЗДАВАНЕ И РЕДАКЦИЯ на ЗАПИСА
Създаване/Редакция Редакция
Дата на регистрацията/редакция 20.06.2005
999 ## - СИСТЕМНИ КОНТРОЛНИ НОМЕРА
Koha biblionumber 4600
Koha biblioitemnumber 4600
999 ## - СИСТЕМНИ КОНТРОЛНИ НОМЕРА
Koha biblioitemnumber 4600
Наличности
Код за отписване Код за изгубен артикул Източник на класификационната схема Код за повреда Коз за рестрикции Код за отдаване Артикулен № Име на библиотеката - собственик Име на библиотеката, в която се намира в момента Статус (Текущо местоположение) Дата на вписване в системата Местоположение - отдел Цена в лева Инвентарен номер Систематично азбучна сигнатура Баркод Номер на екземпляра Цена в евро Служебна бележка Служебен тип на артикула
  Не е изгубен Universal Decimal Classification Не е повреден без рестрикции ползва се в читалня 8212 Регионална библиотека "Любен Каравелов" Русе Регионална библиотека "Любен Каравелов" Русе Хранилище 1994-01-01 Хранилище 0.00 609870 Цб 179347 120000609870 1 0.00 Дост: Dp Вид: Д N: 4 Дата: 01.01.1994 Дата инв: 03.08.2015 Бележки инв: Цб2015 Книги
  Не е изгубен Universal Decimal Classification Не е повреден без рестрикции ползва се в читалня 8213 Регионална библиотека "Любен Каравелов" Русе Регионална библиотека "Любен Каравелов" Русе Читалня 1994-01-01 Читалня 2.10 607549 Ч 347/К 38 120000607549 2 1.07 Дост: Pk Вид: Ф N: стар фонд Дата: 01.01.1994 Дата инв: 14.03.2017 Бележки инв: Ч2017 Книги
Vip Innovations Ltd, Rousse, Bulgaria 2025